000 01041naa a22002897a 4500
001 BR8004862
003 BR-BrBNA
005 20240918174642.0
007 ta
008 230509b bl.||||| |||| 00| 0 por d
040 _aBR-BrBNA
_bpor
_cBiblioteca Nacional de Agricultura
041 _a(Pt)
072 _aP12; F60; F22
090 _aP12 BR8004862
100 1 _aNavarrete, J.D.
111 1 _a5. Congresso Nacional de Irrigacao e Drenagem
_cSao Paulo, SP (Brazil)
_d29 Sep 1980
245 1 _aIrrigacao: Um processo integrado - enfoque quantitativo
260 3 _aSao Paulo, SP (Brasil):
_c1980.
500 _aAnais do 5. Congresso Nacional de Irrigacao e Drenagem Sao Paulo, SP (Brasil): 1980. p. 167-187 (BR8004862-AM)P12
650 _aENGENHARIA HIDRAULICA
650 _aBALANCO HIDRICO
650 _aSOLO
650 _aIRRIGACAO
773 0 _tAnais do 5. Congresso Nacional de Irrigacao e Drenagem
_b
_wP12 BR8004862
_gSao Paulo, SP (Brasil), 1980. p. 167-187
909 _a202404
_bLucia
_c55
_dLucia Elande
942 _cAM
_2AGRIS
999 _c312623
_d312623